00935nam a2200253 i 450000100060000000300090000600500170001500700030003200800410003502000180007608000210009410000390011524500880015426000350024230000460027750000390032350000220036265100560038470000310044070000380047185200330050999900170054295201220055977611ES-MaACL20250807063209.0t|041026s1988 sp ||||1| spa d a84-7782-030-9 a914/916-015(084)1 aBarral, Carlos,d1928-1989918041313aEl Mediterráneo / c[Carlos Barral, LLuís Permanyer, Manel Pérez Puigjané]. aBarcelona : bLunweg, c[1988] a36 p., [124] p. de lám. ; c30 x 34 cm. aAutores tomados de p.1 de la caja. aGuardado en caja. 4aMediterráneo (Región)-vObras ilustradas.990491 aPermanyer, Lluís.9912951 aPérez Puigjané, Manel.991100 aES-MaACLjL-28370 bR.134387 c77611d77611 00104070aATENEOMbATENEOMcDEPO2d2008-01-17eSCl0oL-28370p1081200r2023-02-23 00:00:00w2023-02-23yMONOGRAFIA